|
|
|
|
| LEADER |
00000nab a2200000 a 4500 |
| 001 |
ELB22697 |
| 003 |
FlNmELB |
| 006 |
m o d | |
| 007 |
cr cn||||||||| |
| 008 |
201106r2005 ag |||||s|||||||||||spa d |
| 022 |
|
|
|y 1650-0013
|
| 035 |
|
|
|a (OCoLC)1152910711
|
| 040 |
|
|
|a FlNmELB
|b spa
|c FlNmELB
|
| 050 |
|
4 |
|a Q175.52.L37
|b A339 2005
|
| 080 |
|
|
|a 316
|
| 082 |
0 |
4 |
|a 303.483098
|2 22
|
| 100 |
1 |
|
|a Albornoz, Mario.
|
| 222 |
|
0 |
|a CTS: Revista iberoamericana de ciencia, tecnología y sociedad
|
| 245 |
1 |
0 |
|a Alcances y limitaciones de la noción de impacto social de la ciencia y la tecnología
|h [recurso electronico] /
|c Mario Albornoz, María Elina Estébanez, Claudio Alfaraz.
|
| 260 |
|
|
|a [Buenos Aires, Argentina] :
|b [Centro de Estudio sobre Ciencia, Desarrollo y Educacio℗þn Superior],
|c 2005.
|
| 300 |
|
|
|a 73-95 p.
|
| 310 |
|
|
|a Cuatrimestral
|
| 362 |
0 |
|
|a Vol. 2, Num. 4 (2005)-
|
| 533 |
|
|
|a Recurso electrónico. Santa Fe, Arg.: e-libro, 2015. Disponible vía World Wide Web. El acceso puede estar limitado para las bibliotecas afiliadas a e-libro.
|
| 650 |
|
0 |
|a Ciencia
|x Aspectos sociales.
|
| 650 |
|
0 |
|a Sociología de la ciencia.
|
| 650 |
|
0 |
|a Tecnología
|x Aspectos sociales.
|
| 650 |
|
0 |
|a Science
|x Social aspects.
|
| 650 |
|
0 |
|a Technology
|x Social aspects.
|
| 653 |
|
|
|a Sociologia
|
| 653 |
|
|
|a Tecnologia
|
| 655 |
|
4 |
|a Artículos electrónicos.
|
| 700 |
1 |
|
|a Estébanez, María Elina.
|
| 700 |
1 |
|
|a Alfaraz, Claudio.
|
| 710 |
2 |
|
|a e-libro, Corp.
|
| 740 |
0 |
2 |
|a CTS: Revista iberoamericana de ciencia, tecnología y sociedad.
|
| 856 |
4 |
0 |
|u https://elibro.uam.elogim.com/ereader/bidiuam/22697
|z Texto completo
|